000 01055nmm a2200361 a 4500
003 AR-BaBNM
005 20251128211150.0
008 033020s2000 ||||||||||||||000 | spa||
020 _a950-802-074-1
040 _cAR-BaBNM
245 1 0 _aManual teórico-práctico de investigación social
_bapuntes preliminares
260 _aBuenos Aires
_bEspacio Editorial
_c2000
300 0 _a168 p.
_bgráfs., tablas
650 4 _aANALISIS DE DATOS
650 4 _aANALISIS ESTADISTICO
650 4 _aCONOCIMIENTO
650 4 _aANALISIS SOCIOLOGICO
650 4 _aINDICADORES SOCIOECONOMICOS
650 4 _aMETODOS DE INVESTIGACION
650 4 _aINVESTIGACION SOCIAL
650 4 _aENCUESTAS SOCIALES
650 4 _aCIENCIAS SOCIALES
700 1 _aMendicoa, Gloria Edel
_ecompilador
700 1 _aFelippis, Irma de
700 1 _aMartín, Lorena
700 1 _aMassad, Carlos
700 1 _aPalacios, Luis
700 1 _aMendicoa, Gloria Edel
700 1 _aVeneranda, Luciana
700 1 _aViskivichán, Isabel
942 _cBK
998 _cMariana
999 _c18532
_d18532